| 000 | 00323 a2200121 4500 | ||
|---|---|---|---|
| 001 | 31164 | ||
| 090 |
_c21177 _d21177 |
||
| 100 | _aKelly S Graham | ||
| 245 | _aFundamentals of Mechanical Vibration, MATLAB & M files to accompany With CD,2/e | ||
| 250 | _a2 | ||
| 260 |
_aSingapore _bMcGraw Hill _c2000 |
||
| 505 | _aCD/DVD | ||
| 942 |
_aNUST-CAE _k531.32 KEL |
||
| 999 |
_c266237 _d266237 |
||